Avances en calidad de carne de ovinos, caprinos, porcinos y aves. Avances en bienestar animal : Implicancias de la alimentación, la genética y el manejo. /
Guardado en:
| Autor Principal: | |
|---|---|
| Formato: | Libro |
| Idioma: | Undetermined |
| Publicado: |
Santa Rosa :
INTA,
2013.
|
| Edición: | 1a ed. |
| Series: | Compilado de una década de estudios en INTA. Programa Carnes.
|
| Materias: | |
| Etiquetas: |
Agregar Etiqueta
Sin Etiquetas, Sea el primero en etiquetar este registro!
|
| LEADER | 01511nam a22002655a 4500 | ||
|---|---|---|---|
| 001 | CEM.cems024652 | ||
| 008 | 250604s2013####xx############000#0#und#d | ||
| 005 | 20250604125607.0 | ||
| 245 | 1 | 0 | |a Avances en calidad de carne de ovinos, caprinos, porcinos y aves. Avances en bienestar animal : |b Implicancias de la alimentación, la genética y el manejo. / |c Anibal J Pordomingo. |
| 250 | |a 1a ed. | ||
| 260 | |a Santa Rosa : |b INTA, |c 2013. | ||
| 300 | |a 160 p. ; |c 25 cm. | ||
| 490 | 1 | |a Compilado de una década de estudios en INTA. Programa Carnes. | |
| 500 | |a Proyecto Integrado: "Calidad de carnes". | ||
| 505 | 0 | |a Ovinos y caprinos para carne -- Influencia del genotipo -- Calidad de corderos pesados alimentados en confinamiento -- Efecto del usos de granos -- Características de la carcasa de corderos -- Perfil de ácidos grasos de corderos -- Influencia del sistema de alimentación sobre el engorde y calidad de res de corderos pesados -- Repuesta fisiológica al estrés -- Aceptabilidad de la carne de distintos corderos -- Hábitos y preferencia respecto al consumo de carne ovina -- Producción de corderos lechales -- Respuesta de corderos Merino al estrés pre faena -- Porcinos y aves -- | |
| 020 | |a 03252132 | ||
| 100 | 1 | |a Pordomingo, Anibal J. | |
| 653 | |a Ovinos | ||
| 653 | |a Caprinos | ||
| 653 | |a Porcinos | ||
| 653 | |a Aves | ||
| 653 | |a Producción animal para carne | ||
| 653 | |a Genética animal | ||
| 653 | |a Manejo animal | ||
| 859 | |a CEMS |b BIB. CEMS - Agricultura |h 636.3 |i P824 |p A3864.25 |t Ej.1 | ||
